| 000 | 00833nam a2200205 i 4500 | ||
|---|---|---|---|
| 001 | 158800 | ||
| 003 | ES-MaACL | ||
| 005 | 20250919150507.0 | ||
| 008 | 040906m18791882gw |||| | ger d | ||
| 040 |
_aCAM _bspa _cCAM |
||
| 100 | 1 |
_aMarquardt, Joachim. _9129529 |
|
| 245 | 1 | 3 |
_aDas Privatleben der Rómer / _cvon Joachim Marquardt. |
| 260 |
_aLeipzig : _bVerlag von S. Hirzel, _c1879-1882 ( _fDruck von Breitkopf & Härtel) |
||
| 300 |
_a2 v. (XII, 372; XII p., p. 373-858) ; _c23 cm. |
||
| 490 | 1 |
_aHandbook der Römischen Alterthümer / von Jaochim Marquardt und Theodor Mommsen ; _v7; 8 |
|
| 651 |
_aRoma- _xUsos y costumbres. _99321 |
||
| 830 | 0 |
_aHandbuch der Rómischen Alterthümer /von Joachim Marquardt und Theodor Mommsen _v7; 8 _9221890 |
|
| 852 |
_aES-MaACL _jG-2917-18 _z-- Enc. hol. |
||
| 999 |
_c158800 _d158800 |
||